| 000 | 00608nam a2200145 4500 | ||
|---|---|---|---|
| 082 |
_a624.183 _bKUM _cDonation |
||
| 100 | 0 |
_aSushil Kumar. _936402 |
|
| 245 | 1 | 0 |
_aTreasure of R. C. C. designs, _ba practical guide in engineering technique for students preparing for A. M. I. E. (India) and degree/diploma examinations conducted by the Indian universities. _cSushil Kumar. |
| 250 | _a13 ed. | ||
| 260 |
_aDelhi, _bStandard Book Depot, _c1999. |
||
| 300 |
_axvii, 1284 p. _bdiagrs. tables. _c23 cm. |
||
| 526 |
_a0 _b0 _c0 _d624_183000000000000_KUM |
||
| 650 | 0 | _aReinforced concrete construction. | |
| 942 |
_2ddc _cBK |
||
| 999 |
_c541477 _d541477 |
||